Little things - One direction ( All lyrics ) - Statistics

General Stats
  • This quiz has been taken 319 times
  • The average score is 282 of 324
Answer Stats
% Correct
I
98%
you
98%
You
98%
a
97%
in
96%
Your
96%
your
96%
be
95%
it
95%
me
95%
of
95%
the
95%
The
95%
to
95%
it's
94%
It's
94%
all
93%
And
93%
for
93%
like
93%
little
93%
love
93%
things
93%
But
92%
but
92%
I'm
91%
just
91%
on
91%
with
91%
hand
89%
my
89%
these
89%
do
88%
out
88%
sense
88%
fits
87%
let
87%
made
87%
makes
87%
mine
87%
never
87%
up
87%
know
86%
when
86%
meant
85%
mouth
84%
slip
84%
that
83%
they
83%
this
83%
was
82%
if
81%
If
81%
much
81%
Oh
81%
oh
81%
smile
81%
want
81%
won't
81%
loved
80%
back
79%
cheeks
79%
jeans
79%
maybe
79%
Maybe
79%
no
79%
add
78%
you've
78%
You've
78%
eyes
77%
into
77%
sleep
77%
tea
77%
can't
76%
freckles
76%
go
76%
at
75%
bed
75%
cup
75%
mind
75%
talk
75%
them
75%
true
75%
voice
75%
You'll
75%
you'll
75%
you're
75%
as
74%
how
74%
yourself
74%
bottom
73%
endlessly
73%
I'll
73%
or
73%
reason
73%
sound
73%
squeeze
73%
that's
73%
perfect
72%
without
72%
dimples
71%
spine
71%
stomach
71%
tape
71%
those
71%
by
69%
darling
69%
here
69%
keep
69%
thighs
69%
conversations
68%
joining
68%
still
68%
secrets
67%
are
65%
bear
65%
right
65%
treat
65%
half
63%
have
63%
I've
63%
weight
62%
dots
61%
crinkles
57%
Though
51%
'Cause
45%
No matching quizzes found
Score Distribution
Percent of People with Each Score
Percentile by Number Answered
Your Score History
You have not taken this quiz